[Event "Thüringenliga 2025/26"]
[Site "?"]
[Date "2025.12.14"]
[Round "4.2"]
[White "Zipfel, Frank"]
[Black "Abou Wally, Adrian"]
[Result "1-0"]
[WhiteElo "1976"]
[BlackElo "1923"]
[WhiteFideId "-1"]
[BlackFideId "-1"]
[PlyCount "27"]
[GameId "2257619669369161"]
[EventDate "2025.09.14"]
[EventType "team-tourn"]
[EventRounds "9"]
[SourceTitle "Thueringer Schachbund"]
[Source "ThSB"]
[SourceDate "2025.09.14"]
[SourceVersion "1"]
[SourceVersionDate "2025.09.14"]
[SourceQuality "1"]
[WhiteTeam "fuß brothers Jena"]
[BlackTeam "SV Schott Jena"]

{[%evp 0,27,38,17,11,28,33,15,68,22,40,44,61,31,80,63,93,58,27,112,92,29,43,21,178,39,734,696,1104,1181]} 1. e4 e5 2. Nf3 Nc6 3. Bc4 f5 4. d4 exd4 5. Ng5 Ne5 6. Bxg8 Rxg8 7. Qxd4 d6 8. f4 h6 9. Qd5 hxg5 10. fxe5 Rh8 11. exf5 Bxf5 12. O-O Bg6 13. Qe6+ Qe7 14. Qxg6+ 1-0

[Event "Thüringenliga 2025/26"]
[Site "?"]
[Date "2025.12.14"]
[Round "4.3"]
[White "Kaipalath, Varun Raj"]
[Black "Wicklein, Stefan"]
[Result "1/2-1/2"]
[WhiteElo "1853"]
[BlackElo "2003"]
[WhiteFideId "-1"]
[BlackFideId "-1"]
[PlyCount "121"]
[GameId "2257619669389642"]
[EventDate "2025.09.14"]
[EventType "team-tourn"]
[EventRounds "9"]
[SourceTitle "Thueringer Schachbund"]
[Source "ThSB"]
[SourceDate "2025.09.14"]
[SourceVersion "1"]
[SourceVersionDate "2025.09.14"]
[SourceQuality "1"]
[WhiteTeam "SV Schott Jena"]
[BlackTeam "fuß brothers Jena"]

{[%evp 0,121,38,28,45,45,40,19,19,12,10,9,35,28,32,21,21,18,46,46,44,39,71,29,32,-25,-31,-92,-73,-58,-136,-154,-93,-258,-141,-161,-203,-181,-182,-188,-194,-194,-194,-200,-203,-203,-160,-163,-159,-151,-169,-173,-181,-179,-189,-181,-169,-212,-192,-194,-187,-211,-199,-198,-189,-207,-204,-199,-137,-137,-129,-152,-130,-136,-137,-152,-208,-198,-138,-121,-143,-163,-169,-191,-193,-183,-202,-222,-201,-288,-221,-229,-272,-221,-208,-232,-330,-257,-87,-100,-24,0,0,0,0,0,0,0,0,0,0,0,0,0,0,0,0,0,0,0,0,0,0,0]} 1. e4 c5 2. Nf3 Nc6 3. d4 cxd4 4. Nxd4 e5 5. Nb5 a6 6. Nd6+ Bxd6 7. Qxd6 Qf6 8. Qd2 Qg6 9. Nc3 Nf6 10. f3 O-O 11. Bc4 d6 12. Qf2 Be6 13. Bxe6 fxe6 14. O-O Nd4 15. Kh1 Rac8 16. h3 d5 17. Be3 Nxe4 18. Nxe4 dxe4 19. Bxd4 exd4 20. Qxd4 exf3 21. Rxf3 Rxf3 22. gxf3 Qg3 23. Qg4 Qxg4 24. fxg4 Rxc2 25. b4 Kf7 26. Rd1 Ke7 27. a4 e5 28. b5 axb5 29. axb5 Rb2 30. Rd5 Ke6 31. Rc5 Kd6 32. Rc8 Rxb5 33. Rg8 Rc5 34. Rxg7 Rc7 35. Rg8 Kd5 36. Kg2 b5 37. Rb8 Kc4 38. Kf3 Re7 39. Ke4 b4 40. Rc8+ Kb3 41. g5 Ka2 42. Ra8+ Kb2 43. Rb8 b3 44. h4 Kc2 45. Rc8+ Kb1 46. Rb8 b2 47. Rb6 Rc7 48. Kxe5 Kc2 49. Kf6 b1=Q 50. Rxb1 Kxb1 51. h5 Kc2 52. g6 Rc6+ 53. Kf7 Rc7+ 54. Kf6 hxg6 55. hxg6 Kd3 56. g7 Rc6+ 57. Kf7 Rc7+ 58. Kf8 Ke4 59. g8=Q Rc8+ 60. Kg7 Rxg8+ 61. Kxg8 1/2-1/2

[Event "Thüringenliga 2025/26"]
[Site "?"]
[Date "2025.12.14"]
[Round "4.5"]
[White "Bönisch, Julian"]
[Black "Kloß, Thomas"]
[Result "1-0"]
[WhiteElo "1851"]
[BlackElo "1924"]
[WhiteFideId "-1"]
[BlackFideId "-1"]
[PlyCount "51"]
[GameId "2257619669430604"]
[EventDate "2025.09.14"]
[EventType "team-tourn"]
[EventRounds "9"]
[SourceTitle "Thueringer Schachbund"]
[Source "ThSB"]
[SourceDate "2025.09.14"]
[SourceVersion "1"]
[SourceVersionDate "2025.09.14"]
[SourceQuality "1"]
[WhiteTeam "SV Schott Jena"]
[BlackTeam "fuß brothers Jena"]

{[%evp 0,51,20,17,17,-4,2,-15,-15,-2,-11,-17,9,-39,-14,-15,-23,-34,-7,-31,-8,-52,-40,-56,-15,-36,-33,-51,-26,-44,0,16,26,36,50,0,17,29,37,60,64,42,53,-13,124,187,192,231,231,203,213,176,348,234]} 1. Nf3 d5 2. g3 Nf6 3. Bg2 Bf5 4. O-O h6 5. d4 e6 6. b3 Be7 7. c4 O-O 8. Ba3 Bxa3 9. Nxa3 c6 10. b4 Qe7 11. Qb3 a6 12. Rac1 Nbd7 13. Nd2 Rfe8 14. Rfe1 dxc4 15. Naxc4 e5 16. e4 Be6 17. Qb2 exd4 18. e5 Nd5 19. Nd6 Rf8 20. Qxd4 f6 21. exf6 N7xf6 22. Qe5 Nc7 23. Bh3 Rae8 24. Nxe8 Rxe8 25. Nc4 Nfd5 26. Bxe6+ 1-0

[Event "Thüringenliga 2025/26"]
[Site "?"]
[Date "2025.12.14"]
[Round "4.6"]
[White "Richter, Sebastian"]
[Black "Jung, Florian"]
[Result "1/2-1/2"]
[WhiteElo "1845"]
[BlackElo "1961"]
[WhiteFideId "-1"]
[BlackFideId "-1"]
[PlyCount "31"]
[GameId "2257619669451085"]
[EventDate "2025.09.14"]
[EventType "team-tourn"]
[EventRounds "9"]
[SourceTitle "Thueringer Schachbund"]
[Source "ThSB"]
[SourceDate "2025.09.14"]
[SourceVersion "1"]
[SourceVersionDate "2025.09.14"]
[SourceQuality "1"]
[WhiteTeam "fuß brothers Jena"]
[BlackTeam "SV Schott Jena"]

{[%evp 0,31,33,33,38,45,80,71,50,30,27,31,71,53,45,45,34,47,40,32,30,31,34,29,44,34,59,90,69,18,49,24,16,-1]} 1. e4 c5 2. Nf3 d6 3. d4 cxd4 4. Nxd4 Nf6 5. Nc3 a6 6. Be2 e5 7. Nb3 Be6 8. f4 exf4 9. Bxf4 Nc6 10. Qd2 Be7 11. O-O-O Ne5 12. Nd4 Qa5 13. Nxe6 fxe6 14. Kb1 Rc8 15. Rhf1 Qc5 16. Qd4 1/2-1/2

[Event "Thüringenliga 2025/26"]
[Site "?"]
[Date "2025.12.14"]
[Round "4.7"]
[White "Dreyer, Michael"]
[Black "Latka, Robert"]
[Result "1-0"]
[WhiteElo "1945"]
[BlackElo "1850"]
[WhiteFideId "-1"]
[BlackFideId "-1"]
[PlyCount "133"]
[GameId "2257619669467470"]
[EventDate "2025.09.14"]
[EventType "team-tourn"]
[EventRounds "9"]
[SourceTitle "Thueringer Schachbund"]
[Source "ThSB"]
[SourceDate "2025.09.14"]
[SourceVersion "1"]
[SourceVersionDate "2025.09.14"]
[SourceQuality "1"]
[WhiteTeam "SV Schott Jena"]
[BlackTeam "fuß brothers Jena"]

{[%evp 0,100,33,33,60,0,-1,15,7,-30,-8,3,20,15,-8,-4,9,-16,-11,-11,-9,-8,5,0,-11,-11,12,7,19,-3,14,21,44,26,21,24,121,43,50,43,35,12,20,18,18,9,9,15,12,20,11,22,36,31,28,17,11,13,13,13,6,7,7,5,20,9,9,5,7,7,12,2,7,0,4,2,15,15,54,59,78,55,59,76,124,47,74,64,53,5,0,0,0,0,0,-5,18,0,0,0,0,0,0]} 1. e4 c5 2. c3 d5 3. exd5 Qxd5 4. d4 Nc6 5. Nf3 Bf5 6. Be2 e6 7. O-O Nf6 8. h3 Be7 9. Be3 cxd4 10. cxd4 Bxb1 11. Qxb1 O-O 12. a3 a5 13. Qd3 Rfc8 14. Rfd1 a4 15. Rac1 Na5 16. Nd2 Qd7 17. Qb5 Bd8 18. Ne4 Qxb5 19. Nxf6+ Bxf6 20. Bxb5 Nc6 21. Rc4 Ra5 22. Bxc6 Rxc6 23. Rxc6 bxc6 24. Rc1 Ra6 25. Rc4 Be7 26. Kf1 Kf8 27. Ke1 Ke8 28. Kd2 Kd7 29. Kc2 Kd6 30. Bd2 Kd5 31. Kd3 c5 32. Bc3 g6 33. f3 h5 34. dxc5 Bxc5 35. Bb4 Bf2 36. Rc7 Ra7 37. Rc8 Ke5 38. Bc3+ Kf4 39. Ke2 Kg3 40. Kf1 Be3 41. Rc4 f5 42. Be5+ f4 43. Re4 Bc1 44. Re1 Bd2 45. Re2 Rd7 46. Re4 Bc1 47. Bc3 Bd2 48. Bd4 Rc7 49. Bf2+ Kh2 50. Rxe6 Rc1+ 51. Ke2 Rc2 52. Kd3 Rxb2 53. Bd4 Ra2 54. Re2 g5 55. g4+ Kg3 56. gxh5 Kxf3 57. Rf2+ Kg3 58. Rxd2 Rxa3+ 59. Ke4 Rb3 60. h6 Rb7 61. Bg7 Re7+ 62. Kf5 f3 63. h7 Re8 64. Be5+ Kh4 65. h8=Q+ Rxh8 66. Bxh8 Kxh3 67. Be5 1-0

[Event "Thüringenliga 2025/26"]
[Site "?"]
[Date "2025.12.14"]
[Round "4.8"]
[White "Götting, Danilo"]
[Black "Vater, Rainer"]
[Result "0-1"]
[WhiteElo "1711"]
[BlackElo "1848"]
[WhiteFideId "-1"]
[BlackFideId "-1"]
[PlyCount "76"]
[GameId "2257619669487951"]
[EventDate "2025.09.14"]
[EventType "team-tourn"]
[EventRounds "9"]
[SourceTitle "Thueringer Schachbund"]
[Source "ThSB"]
[SourceDate "2025.09.14"]
[SourceVersion "1"]
[SourceVersionDate "2025.09.14"]
[SourceQuality "1"]
[WhiteTeam "fuß brothers Jena"]
[BlackTeam "SV Schott Jena"]

{[%evp 0,76,33,33,38,37,57,54,60,75,79,49,61,37,98,28,28,31,57,44,36,10,19,22,22,-44,-1,-23,-3,-4,57,32,17,14,7,9,37,-14,-24,-39,-22,-14,-50,-25,-48,-49,-85,-194,-130,-142,-101,-157,-175,-252,-268,-343,-337,-361,-819,-870,-154,-182,-205,-341,-323,-330,-224,-329,-158,-181,-187,-201,-194,-194,-194,-777,-832,-869,-891]} 1. e4 d5 2. exd5 Qxd5 3. Nc3 Qd6 4. d4 Nf6 5. Nf3 a6 6. h3 b5 7. Be2 Bb7 8. O-O e6 9. Be3 Nbd7 10. Qd2 Be7 11. Bf4 Qb6 12. Nd1 h6 13. c3 g5 14. Bh2 g4 15. hxg4 Nxg4 16. Ne3 Nxh2 17. Nxh2 Bd6 18. Rae1 O-O-O 19. Qd1 h5 20. Bf3 Rdg8 21. a4 h4 22. Bxb7+ Qxb7 23. f4 Nf6 24. Qf3 Ne4 25. Neg4 f5 26. Qe3 Kb8 27. Ne5 Bxe5 28. dxe5 Rxg2+ 29. Kxg2 Rg8+ 30. Kh3 Rg3+ 31. Kxh4 Rxe3 32. Rxe3 c5 33. Kh3 Qg7 34. axb5 axb5 35. Rd3 Qh6+ 36. Kg2 Qg6+ 37. Kh3 Qh5+ 38. Kg2 Qe2+ 0-1

[Event "Landesklasse Ost 2025/26"]
[Site "?"]
[Date "2025.12.14"]
[Round "4.1"]
[White "Koksch, Robert"]
[Black "Link, Moritz"]
[Result "1/2-1/2"]
[WhiteElo "1884"]
[BlackElo "1672"]
[WhiteFideId "-1"]
[BlackFideId "-1"]
[PlyCount "73"]
[GameId "552251441347"]
[EventDate "2025.09.14"]
[EventType "team-tourn"]
[EventRounds "9"]
[SourceTitle "Thueringer Schachbund"]
[Source "ThSB"]
[SourceDate "2025.09.14"]
[SourceVersion "1"]
[SourceVersionDate "2025.09.14"]
[SourceQuality "1"]
[WhiteTeam "ESV Lok Sömmerda"]
[BlackTeam "SV Schott Jena 2"]

{[%evp 0,73,29,29,15,-32,1,2,59,31,139,111,135,78,132,101,125,58,66,40,76,75,116,98,98,73,120,113,112,114,132,102,118,119,143,115,158,158,273,163,216,189,201,156,296,301,313,159,159,90,139,113,113,96,147,108,98,111,117,101,140,88,97,35,59,10,92,67,71,-33,27,-92,-54,-54,-54,-65]} 1. d4 d5 2. c4 e6 3. Nc3 c6 4. Nf3 Bd6 5. e4 Ne7 6. Bd3 O-O 7. O-O Nd7 8. Bg5 f6 9. Bh4 Re8 10. e5 Bb8 11. cxd5 Nxd5 12. exf6 N5xf6 13. Qc2 Qa5 14. Rfe1 Bf4 15. Ne4 Qh5 16. Bg3 Nd5 17. a3 e5 18. Nd6 Re7 19. dxe5 Nxe5 20. Nxe5 Rxe5 21. Bxh7+ Kf8 22. Rxe5 Qxe5 23. Nc4 Qe7 24. Bd3 Bg4 25. Bxf4 Nxf4 26. Ne3 Bh5 27. Rc1 Rd8 28. Bf1 Kg8 29. Qc4+ Ne6 30. Nf5 Qf6 31. Ng3 Bf7 32. Qc3 Qf4 33. h3 Rd2 34. Nh1 Ng5 35. b4 Ne4 36. Qe3 Rxf2 37. Qxf4 1/2-1/2

[Event "Landesklasse Ost 2025/26"]
[Site "?"]
[Date "2025.12.14"]
[Round "4.2"]
[White "Skarus, Steffen"]
[Black "Kalisch, Michael"]
[Result "0-1"]
[WhiteElo "1747"]
[BlackElo "2087"]
[WhiteFideId "-1"]
[BlackFideId "-1"]
[PlyCount "48"]
[GameId "552251441439"]
[EventDate "2025.09.14"]
[EventType "team-tourn"]
[EventRounds "9"]
[SourceTitle "Thueringer Schachbund"]
[Source "ThSB"]
[SourceDate "2025.09.14"]
[SourceVersion "1"]
[SourceVersionDate "2025.09.14"]
[SourceQuality "1"]
[WhiteTeam "SV Schott Jena 2"]
[BlackTeam "ESV Lok Sömmerda"]

{[%evp 0,48,61,-36,-19,-66,-50,-83,-14,-14,-14,-18,-18,-71,-7,-7,-12,-12,1,1,11,2,9,6,6,-106,-62,-66,-29,-29,-4,-67,-73,-73,-103,-103,-103,-107,-87,-89,-57,-174,-91,-132,-130,-165,-165,-178,-175,-650,-653]} 1. c4 e5 2. g3 Nc6 3. Bg2 f5 4. Nc3 Nf6 5. d3 Bb4 6. e3 Bxc3+ 7. bxc3 d6 8. Ne2 O-O 9. Rb1 Qe8 10. O-O b6 11. d4 Ba6 12. c5 e4 13. cxd6 cxd6 14. Ba3 Qd7 15. Qc2 Bd3 16. Qb3+ Kh8 17. Nf4 Bxb1 18. Rxb1 Rfc8 19. Bf1 Na5 20. Qb4 d5 21. Ba6 Rc7 22. Rc1 Nc4 23. Bb5 Qc8 24. Ba6 Qxa6 0-1

[Event "Landesklasse Ost 2025/26"]
[Site "?"]
[Date "2025.12.14"]
[Round "4.3"]
[White "Kühn, Martin"]
[Black "Bunke, Wilfried"]
[Result "1-0"]
[WhiteElo "2025"]
[BlackElo "1868"]
[WhiteFideId "-1"]
[BlackFideId "-1"]
[PlyCount "61"]
[GameId "552251441471"]
[EventDate "2025.09.14"]
[EventType "team-tourn"]
[EventRounds "9"]
[SourceTitle "Thueringer Schachbund"]
[Source "ThSB"]
[SourceDate "2025.09.14"]
[SourceVersion "1"]
[SourceVersionDate "2025.09.14"]
[SourceQuality "1"]
[WhiteTeam "ESV Lok Sömmerda"]
[BlackTeam "SV Schott Jena 2"]

{[%evp 0,61,21,29,14,2,33,15,10,14,59,-6,-8,-8,16,-36,4,7,12,-63,-63,-44,-44,-44,19,-3,-14,-21,-29,9,20,40,-97,-97,-14,-14,22,47,147,109,172,128,179,148,148,209,209,228,225,225,225,211,246,163,205,146,146,168,308,327,327,296,669,676]} 1. d4 Nf6 2. Bf4 d5 3. e3 e6 4. Bd3 c5 5. c3 Nc6 6. Nf3 Bd6 7. Bg3 cxd4 8. exd4 Nh5 9. Ne5 Nxg3 10. Nxc6 bxc6 11. hxg3 Qf6 12. Nd2 e5 13. Qa4 Bd7 14. dxe5 Bxe5 15. f4 Bxc3 16. bxc3 Qxc3 17. Ke2 Bg4+ 18. Nf3 Kf8 19. Qc2 Qd4 20. Rae1 Rb8 21. Rb1 Re8+ 22. Kf1 Bxf3 23. gxf3 h5 24. Kg2 h4 25. Bf5 Rh6 26. Rhd1 Qf6 27. Qc5+ Kg8 28. Re1 Qd8 29. Rxe8+ Qxe8 30. Qe3 Qd8 31. Qxa7 1-0

[Event "Landesklasse Ost 2025/26"]
[Site "?"]
[Date "2025.12.14"]
[Round "4.4"]
[White "Jordan, Gunter"]
[Black "Bachmann, Nick"]
[Result "1/2-1/2"]
[WhiteElo "1800"]
[BlackElo "1885"]
[WhiteFideId "-1"]
[BlackFideId "-1"]
[PlyCount "32"]
[GameId "552251441517"]
[EventDate "2025.09.14"]
[EventType "team-tourn"]
[EventRounds "9"]
[SourceTitle "Thueringer Schachbund"]
[Source "ThSB"]
[SourceDate "2025.09.14"]
[SourceVersion "1"]
[SourceVersionDate "2025.09.14"]
[SourceQuality "1"]
[WhiteTeam "SV Schott Jena 2"]
[BlackTeam "ESV Lok Sömmerda"]

{[%evp 0,32,13,21,29,5,58,-2,0,-9,29,44,74,51,60,61,58,33,58,30,33,17,39,33,44,32,40,24,0,-11,38,29,29,24,24]} 1. d4 Nf6 2. Bf4 c5 3. c3 cxd4 4. cxd4 g6 5. Nf3 Bg7 6. Nc3 O-O 7. e3 d6 8. h3 b6 9. Be2 Bb7 10. O-O Nbd7 11. Rc1 a6 12. Nd2 e5 13. dxe5 dxe5 14. Bg5 b5 15. Bf3 Qb6 16. Bxb7 Qxb7 1/2-1/2

[Event "Landesklasse Ost 2025/26"]
[Site "?"]
[Date "2025.12.14"]
[Round "4.5"]
[White "Siegemund, Joachim"]
[Black "Eichhorn, Mathilda"]
[Result "1-0"]
[WhiteElo "1908"]
[BlackElo "1629"]
[WhiteFideId "-1"]
[BlackFideId "-1"]
[PlyCount "85"]
[GameId "552251441549"]
[EventDate "2025.09.14"]
[EventType "team-tourn"]
[EventRounds "9"]
[SourceTitle "Thueringer Schachbund"]
[Source "ThSB"]
[SourceDate "2025.09.14"]
[SourceVersion "1"]
[SourceVersionDate "2025.09.14"]
[SourceQuality "1"]
[WhiteTeam "ESV Lok Sömmerda"]
[BlackTeam "SV Schott Jena 2"]

{[%evp 0,85,32,9,58,37,11,-44,-24,-83,31,-23,27,-17,-31,-43,12,-46,-19,-37,35,-10,-13,-17,-9,-10,-5,-19,2,0,22,-30,10,-24,-34,-62,-35,-61,-74,-62,-37,-8,2,-13,-13,-113,-103,-103,-64,-144,8,-131,-126,-180,-112,-134,-88,-143,-121,-177,-183,-332,-223,-302,-119,-226,-150,-144,-79,-65,-8,-56,-26,-26,-18,-49,19,9,29,29,27,13,60,60,47,66,1041,1069]} 1. e4 e6 2. d3 d5 3. Nd2 Nf6 4. g3 b6 5. Bg2 Bb7 6. e5 Nfd7 7. Ngf3 c5 8. O-O Nc6 9. Re1 g6 10. Nf1 Bg7 11. Bf4 Qc7 12. Qe2 h6 13. h4 O-O-O 14. c3 Rdf8 15. Rac1 Ba6 16. b3 g5 17. hxg5 hxg5 18. Nxg5 Bxe5 19. Bxe5 Ncxe5 20. c4 dxc4 21. dxc4 Bb7 22. Rcd1 Bxg2 23. Kxg2 f6 24. Ne4 Qc6 25. f3 f5 26. Nd6+ Kb8 27. Nb5 Rf6 28. Rd6 Qb7 29. Red1 Rfh6 30. R1d2 a6 31. Nc3 R8h7 32. Qd1 Kc8 33. Kf2 Nc6 34. Ne2 e5 35. R2d5 Rxd6 36. Rxd6 Nd4 37. Nxd4 exd4 38. Qe2 Qc7 39. Qe6 Kb7 40. Rd5 Nf8 41. Qxf5 Rf7 42. Qe4 Re7 43. Re5+ 1-0

[Event "Landesklasse Ost 2025/26"]
[Site "?"]
[Date "2025.12.14"]
[Round "4.6"]
[White "Nageler, Laurenz"]
[Black "Wiesemann, Tim"]
[Result "1-0"]
[WhiteElo "1600"]
[BlackElo "1794"]
[WhiteFideId "-1"]
[BlackFideId "-1"]
[PlyCount "57"]
[GameId "552251441596"]
[EventDate "2025.09.14"]
[EventType "team-tourn"]
[EventRounds "9"]
[SourceTitle "Thueringer Schachbund"]
[Source "ThSB"]
[SourceDate "2025.09.14"]
[SourceVersion "1"]
[SourceVersionDate "2025.09.14"]
[SourceQuality "1"]
[WhiteTeam "SV Schott Jena 2"]
[BlackTeam "ESV Lok Sömmerda"]

{[%evp 0,57,32,32,54,73,57,-9,40,57,57,57,74,58,68,37,87,85,104,92,92,74,98,32,63,46,64,56,54,24,52,52,56,115,91,100,551,551,586,577,885,748,866,748,902,1974,1974,1973,1973,1013,1013,1013,1013,1013,1157,980,983,930,29997,29998]} 1. e4 c5 2. d4 cxd4 3. c3 dxc3 4. Nxc3 Nc6 5. Nf3 a6 6. Bf4 e6 7. Bd3 g6 8. O-O Bg7 9. Bd6 Nge7 10. e5 O-O 11. h4 Re8 12. h5 Qa5 13. Re1 Nf5 14. hxg6 hxg6 15. Bxf5 exf5 16. Nd5 Ra7 17. b4 Qb5 18. Nc7 Qc4 19. Nxe8 Nxb4 20. Nf6+ Bxf6 21. exf6 Nd3 22. Re8+ Kh7 23. Ng5+ Kh6 24. Nxf7+ Qxf7 25. Rh8+ Kg5 26. Qxd3 f4 27. Bxf4+ Kxf4 28. Qd4+ Kg5 29. Qe5+ 1-0

[Event "Landesklasse Ost 2025/26"]
[Site "?"]
[Date "2025.12.14"]
[Round "4.7"]
[White "Weber, Jakob"]
[Black "Hirsch, Tilo"]
[Result "0-1"]
[WhiteElo "1581"]
[BlackElo "1682"]
[WhiteFideId "-1"]
[BlackFideId "-1"]
[PlyCount "52"]
[GameId "552251441627"]
[EventDate "2025.09.14"]
[EventType "team-tourn"]
[EventRounds "9"]
[SourceTitle "Thueringer Schachbund"]
[Source "ThSB"]
[SourceDate "2025.09.14"]
[SourceVersion "1"]
[SourceVersionDate "2025.09.14"]
[SourceQuality "1"]
[WhiteTeam "ESV Lok Sömmerda"]
[BlackTeam "SV Schott Jena 2"]

1. d4 Nf6 2. Bf4 g6 3. Nc3 Bg7 4. e4 d6 5. Qd2 c6 6. O-O-O Qa5 7. f3 Nbd7 8. Kb1 b5 9. Nce2 Qxd2 10. Rxd2 a5 11. Nc3 Nb6 12. g4 h5 13. g5 Nfd7 14. h4 b4 15. Nd1 O-O 16. Ne3 c5 17. dxc5 Nxc5 18. b3 a4 19. Nc4 axb3 20. cxb3 Nxc4 21. Bxc4 Ba6 22. Be3 Bxc4 23. Bxc5 Bc3 24. Be3 Bxd2 25. Bxd2 Bd3+ 26. Kb2 Rfc8 0-1

[Event "Landesklasse Ost 2025/26"]
[Site "?"]
[Date "2025.12.14"]
[Round "4.1"]
[White "Besancon, Pascal"]
[Black "Liebold, Aaron"]
[Result "0-1"]
[WhiteElo "1930"]
[BlackElo "2115"]
[WhiteFideId "-1"]
[BlackFideId "-1"]
[PlyCount "62"]
[GameId "552251631234"]
[EventDate "2025.09.14"]
[EventType "team-tourn"]
[EventRounds "9"]
[SourceTitle "Thueringer Schachbund"]
[Source "ThSB"]
[SourceDate "2025.09.14"]
[SourceVersion "1"]
[SourceVersionDate "2025.09.14"]
[SourceQuality "1"]
[WhiteTeam "Schachklub Weida"]
[BlackTeam "ESV Gera"]

{[%evp 0,62,22,18,72,100,87,27,-1,-17,2,29,21,29,76,39,24,59,13,13,15,7,11,-76,-41,-106,-75,-66,-67,-99,-98,-107,-103,-142,-130,-194,-161,-163,-149,-146,-159,-175,-159,-169,-149,-174,-167,-204,-135,-183,-218,-358,-337,-328,-328,-328,-356,-368,-324,-336,-265,-265,-314,-376,-400]} 1. e4 c5 2. Nc3 d6 3. g3 Nc6 4. Bg2 g6 5. Nge2 Bg7 6. d3 e5 7. Be3 Nge7 8. O-O O-O 9. Qd2 Nd4 10. Kh1 Be6 11. Nd1 Qd7 12. Ng1 b5 13. c3 Ndc6 14. Bh6 d5 15. Bxg7 Kxg7 16. Qe2 dxe4 17. Qxe4 Bf5 18. Qe3 Bxd3 19. Re1 Qd6 20. b3 Nf5 21. Qc1 c4 22. Nb2 Rad8 23. Nh3 Rd7 24. a4 Na5 25. b4 Nb3 26. Qd1 Nxa1 27. Qxa1 a6 28. f4 Re8 29. axb5 axb5 30. Qa5 Rde7 31. Qxb5 exf4 0-1

[Event "Landesklasse Ost 2025/26"]
[Site "?"]
[Date "2025.12.14"]
[Round "4.2"]
[White "Helmsdorf, Marius"]
[Black "Schlierf, Andre"]
[Result "1-0"]
[WhiteElo "2064"]
[BlackElo "1781"]
[WhiteFideId "-1"]
[BlackFideId "-1"]
[PlyCount "123"]
[GameId "552251631265"]
[EventDate "2025.09.14"]
[EventType "team-tourn"]
[EventRounds "9"]
[SourceTitle "Thueringer Schachbund"]
[Source "ThSB"]
[SourceDate "2025.09.14"]
[SourceVersion "1"]
[SourceVersionDate "2025.09.14"]
[SourceQuality "1"]
[WhiteTeam "ESV Gera"]
[BlackTeam "Schachklub Weida"]

{[%evp 0,123,19,12,58,59,69,65,95,106,88,30,74,70,89,4,27,-24,-14,-18,109,87,87,54,48,55,61,58,58,44,32,32,45,39,48,45,52,56,51,24,30,13,24,6,74,58,58,27,27,23,54,28,39,18,52,52,116,107,107,70,61,54,67,7,52,46,60,70,75,70,81,81,64,76,73,75,94,75,101,99,119,105,125,153,147,142,169,139,153,149,150,150,143,135,143,137,135,132,137,136,147,137,148,132,173,190,200,130,190,182,190,162,162,178,169,186,201,225,211,207,204,230,213,229,229,210]} 1. d4 f5 2. Nc3 Nf6 3. Bg5 d5 4. e3 e6 5. g4 Be7 6. gxf5 exf5 7. Qd2 c6 8. O-O-O Ne4 9. Nxe4 Bxg5 10. Nxg5 Qxg5 11. h4 Qe7 12. Ne2 Nd7 13. Nf4 Nf6 14. Bd3 Bd7 15. Kb1 O-O-O 16. c4 dxc4 17. Bxc4 Ne4 18. Qe1 Kb8 19. Rh2 g6 20. Qa5 Bc8 21. Nd3 Qc7 22. Qxc7+ Kxc7 23. Ne5 Nd6 24. Bb3 Rhe8 25. f4 Be6 26. h5 Bxb3 27. axb3 Re6 28. hxg6 hxg6 29. Rg1 Ne4 30. Rh6 Rg8 31. Rgxg6 Rexg6 32. Nxg6 Rg7 33. Nh4 Rf7 34. Re6 Kd7 35. Re5 Nd6 36. Kc2 b6 37. Kd3 a5 38. Ke2 Kd8 39. Re6 Kd7 40. Rh6 Ne4 41. Nf3 Rf6 42. Ne5+ Kc8 43. Rxf6 Nxf6 44. Nxc6 Kd7 45. Ne5+ Kd6 46. Kf3 Ne4 47. Ke2 b5 48. Nd3 Kd5 49. Nf2 Nd6 50. Nd1 b4 51. Nf2 Kc6 52. Nd3 Ne4 53. Nc5 Nd6 54. Kd2 Kd5 55. Kd3 Kc6 56. e4 fxe4+ 57. Nxe4 Nf5 58. Nf6 Kd6 59. Ng4 Ke6 60. Ne3 Nd6 61. d5+ Kf6 62. Kd4 1-0